00448nam a22001457a 4500008004100000020001500041050002100056100002300077245004900100250001200149260005300161300001600214650003800230650003400268220928b |||||||| |||| 00| 0 eng d a0310537441 aPA817b.M63 2009 aMounce, William D. aBasics of Biblical greek/cWilliam D. Mounce a4th ed. aGrand Rapids, MichiganbZondervan Academicc2009 axxvi, 509p. aGreek language, BiblicalvGrammar aBible. N.T.vLanguage xStyle